Shoe Brand Logos - Statistics

General Stats
  • This quiz has been taken 47 times
  • The average score is 11 of 16
Answer Stats
Picture Answer % Correct
nike
100%
adidas
98%
puma
98%
fila
93%
new balance
93%
under armour
84%
converse
80%
air jordan
75%
asics
75%
skechers
73%
crocs
70%
timberland
64%
umbro
59%
reebok
55%
columbia
23%
moonstar
7%
No matching quizzes found
Score Distribution
Percent of People with Each Score
Percentile by Number Answered
Your Score History
You have not taken this quiz